Consciousness and action among the Western working class / (Record no. 34195)
[ view plain ]
| 000 -LEADER | |
|---|---|
| fixed length control field | 01000nam a2200337 4500 |
| 001 - CONTROL NUMBER | |
| control field | 34195 |
| 003 - CONTROL NUMBER IDENTIFIER | |
| rucl marc code | BD-RjUL |
| 005 - DATE AND TIME OF LATEST TRANSACTION | |
| control field | 20211209052124.0 |
| 008 - FIXED-LENGTH DATA ELEMENTS--GENERAL INFORMATION | |
| fixed length control field | 140514r19801973enk b 000 0 eng d |
| 020 ## - INTERNATIONAL STANDARD BOOK NUMBER | |
| International Standard Book Number | 0333137736 |
| 035 ## - SYSTEM CONTROL NUMBER | |
| System control number | (BD-RjUL)34289 |
| 040 ## - CATALOGING SOURCE | |
| Original cataloging agency | DLC |
| Transcribing agency | DLC |
| Modifying agency | DLC |
| -- | BD-RjUL |
| Language of cataloging | eng |
| 041 ## - LANGUAGE CODE | |
| Language code of text/sound track or separate title | eng |
| 082 00 - DEWEY DECIMAL CLASSIFICATION NUMBER | |
| Classification number | 301.4442091713 |
| Author mark and year | MAC 1980 |
| 100 1# - MAIN ENTRY--PERSONAL NAME | |
| Personal name | Mann, Michael, |
| Dates associated with a name | 1942- |
| 9 (RLIN) | 103956 |
| 245 10 - TITLE STATEMENT | |
| Title | Consciousness and action among the Western working class / |
| Statement of responsibility, etc. | Michael Mann |
| 260 ## - PUBLICATION, DISTRIBUTION, ETC. (IMPRINT) | |
| Place of publication, distribution, etc. | London : |
| Name of publisher, distributor, etc. | Macmillan, |
| Date of publication, distribution, etc. | 1973 [Reprinted 1980] |
| 300 ## - PHYSICAL DESCRIPTION | |
| Pagination | 80 p. ; |
| Size | 21 cm. |
| 350 ## - PRICE (NR) (BK AM CF MU VM SE) [OBSOLETE] | |
| Price | £0.60. |
| 490 0# - SERIES STATEMENT | |
| Series statement | Studies in sociology |
| 504 ## - BIBLIOGRAPHY, ETC. NOTE | |
| Bibliography, etc | Bibliography: p. 75-80. |
| 650 #0 - SUBJECT ADDED ENTRY--TOPICAL TERM | |
| Topical term or geographic name as entry element | Working class. |
| 9 (RLIN) | 103957 |
| Topical term or geographic name as entry element | Proletariat. |
| 9 (RLIN) | 17793 |
| Topical term or geographic name as entry element | Marxian school of sociology. |
| 9 (RLIN) | 103958 |
| Topical term or geographic name as entry element | Ideology. |
| 9 (RLIN) | 273 |
| Topical term or geographic name as entry element | Industrial sociology. |
| 9 (RLIN) | 103959 |
| Topical term or geographic name as entry element | Class consciousness. |
| 9 (RLIN) | 103960 |
| 942 ## - ADDED ENTRY ELEMENTS (KOHA) | |
| Source of classification or shelving scheme | Dewey Decimal Classification |
| Koha item type | Books |
| Lost status | Source of classification or shelving scheme | Damaged status | Not for loan | Collection code | Permanent Location | Current Location | Shelving location | Date acquired | Source of acquisition | Cost, normal purchase price | Total Checkouts | Full call number | Date last seen | Copy number | Koha item type |
|---|---|---|---|---|---|---|---|---|---|---|---|---|---|---|---|
| Dewey Decimal Classification | Not For Loan | Non-fiction | Central Library, University of Rajshahi | Central Library, University of Rajshahi | Reading Room | 28/08/1989 | Asia foundation | 0.00 | 301.4442091713 MAC 1980 | 14/05/2014 | C-2 | Books |